| 000 | 01198nam a2200265 i 4500 | ||
|---|---|---|---|
| 001 | 180318 | ||
| 003 | ES-MaACL | ||
| 005 | 20240529101716.0 | ||
| 008 | 120528s1997 sp | |||| ||spa d | ||
| 020 | _a84-89794-09-X | ||
| 080 | _a821.134.2-22"16" | ||
| 100 | 1 |
_aMolina, Tirso de, _d1579-1648 _9226522 |
|
| 245 | 1 | 0 |
_aDoce comedias nuevas / _cTirso de Molina ; [edición de Pilar Palomo e Isabel Prieto ; prólogo de Pilar Palomo]. |
| 260 |
_a[Madrid] : _bTurner, _c[1997] |
||
| 300 |
_aXXIII, 1262 p. ; _c23 cm. |
||
| 490 | 1 | _aBiblioteca Castro | |
| 490 | 1 |
_aObras completas de Tirso de Molina ; _v3 |
|
| 505 | 8 | _aContiene: Palabras y pluma. El pretendiente al revés. El árbol del mejor fruto. La villana de Vallecas. El meláncolico. El mayor desengaño. El castigo del pensé que. Quien calla otorga. La gallega Mari-Hernández. Tanto es lo de más como lo de menos. La celosa de sí misma. Amar por razón de estado | |
| 700 | 1 |
_aPalomo, María del Pilar, _d1933- _9144616 |
|
| 700 | 1 |
_aPrieto, Isabel. _9150141 |
|
| 830 | 0 |
_aBiblioteca Castro _9178957 |
|
| 830 | 0 |
_aObras completas de Tirso de Molina ; _v3 _9191247 |
|
| 852 |
_aES-MaACL _jL-29898 |
||
| 999 |
_c180318 _d180318 |
||